000 00761nam a2200205 i 4500
001 180619
003 ES-MaACL
005 20230906221139.0
008 120619s1976 sp |||| | spa d
080 _a539.3(043.2)
100 1 _aVillarrubia López, Miguel.
_9150631
245 1 0 _aFlexión y estabilidad elástica
_b: aplicación del cálculo digital... /
_cpor Miguel Villarrubia López.
260 _aBarcelona :
_bUniversidad, Secretariado de Publicaciones, Intercambio Científico y Extensión Universitaria,
_c1976.
300 _a13 p. ;
_c24 cm.
502 _aTesis Univ. Barcelona (Extracto)
504 _aBibliografía: p.13.
650 4 _aElasticidad.
_9135967
710 2 _aUniversidad de Barcelona.
_97141
852 _aES-MaACL
_jE-15362(158)
999 _c180619
_d180619